000 00972cam a2200301 a 4500
001 000015444
005 20200929164037.0
008 930111s1991 ve a b 000 0 spa d
020 _a9802594091
035 _a(DLC) 93102986
035 _a(OCoLC)26442336
040 _aDO-SdBNP
_bspa
_cBNPHU
_dDNAL
_dDLC
050 0 0 _aE59.I53
_bW35 1991
070 0 _aF1220.W34
_b1991
082 _aNN
_bW132m
100 1 _aWagner, Erika
_934870
245 1 0 _aMás de quinientos años de legado americano al mundo /
_cErika Wagner.
260 _aCaracas :
_bLagoven,
_c[1991].
300 _a103 p. :
_bil. ;
_c21 cm.
490 1 _aCuadernos Lagoven
_aMedio milenio
500 _a"Agosto 1991"--Colophon.
504 _aIncluye referencias bibliográficas (p. 97-98) e índice.
650 0 _aCivilization
_xIndian influences.
_934871
650 0 _aIndians.
_934872
830 0 _aCuadernos Lagoven,
_pMedio milenio
_96272
910 _aCatalogación por copia / LC
049 _aBNGR
999 _c15001
_d15001